Video Games by Box Art #1 - Statistics

General Stats
  • This quiz has been taken 79 times
  • The average score is 11 of 16
Answer Stats
Picture Answer % Correct
Minecraft
100%
Grand Theft Auto IV
93%
The Last Of Us
89%
The Elder Scrolls V: Skyrim
84%
Assassins Creed
83%
Fallout: New Vegas
74%
Resident Evil 4
74%
Street Fighter V
59%
Super Smash Bros. Ultimate
57%
Animal Crossing New Horizons
56%
Fable II
50%
Call of Duty 4: Modern Warfare
49%
Mirrors Edge
49%
Halo: Combat Evolved
47%
Metal Gear Solid 2: Sons of Liberty
44%
Donkey Kong Country Returns
43%
No matching quizzes found
Score Distribution
Percent of People with Each Score
Percentile by Number Answered
Your Score History
You have not taken this quiz